El mar de los monstruos. (Registro nro. 3254)
[ vista simple ]
| 000 -LEADER | |
|---|---|
| fixed length control field | 01351nam a2200193 a 4500 |
| 008 - CAMPO DE CONTROL (LIBRO) | |
| fixed length control field | 180918e2014 sp |||g||||| 001 1 spa d |
| 020 ## - INTERNATIONAL STANDARD BOOK NUMBER | |
| ISBN | 9788498382808 |
| 041 ## - CODIGO DE IDIOMA | |
| Código de idioma del texto/pista de sonido o título separado | spa |
| 092 ## - SIGNATURA TOPOGRAFICA DEWEY LOCAL | |
| número de clasificación | 808 |
| libristica | 74 |
| sección | RIO |
| 100 1# - ENTRADA PRINCIPAL--NOMBRE PERSONAL | |
| Nombre personal | Riordan, Rick |
| 9 (RLIN) | 4305 |
| 245 #3 - TITULO PROPIAMENTE DICHO | |
| Título | El mar de los monstruos. |
| Subtítulo y Título paralelo | Percy Jackson y los dioses del Olimpo II / |
| Mención de responsabilidad y remanente de la transcripción de la portada | Rick Riordan |
| 250 ## - MENCION DE EDICION | |
| Mención de edición | 4a ed. |
| Mención de responsabilidad relacionada con la ed. | Traducción Santiago del Rey |
| 260 ## - PIE DE IMPRENTA | |
| Lugar de publicación, distribución, etc | Barcelona: |
| Nombre de la editorial, distribuidor, etc | Salamandra; |
| Fecha de publicación | 2014. |
| 300 ## - DESCRIPCION FISICA | |
| Extension | 253 p. |
| 500 ## - NOTA GENERAL | |
| Nota general | Riordan, R.(2014). El mar de los monstruos. (4a ed.). Barcelona : Salamandra. |
| 505 ## - NOTA DE CONTENIDO | |
| Nota de contenido formateada | Desde que sabe que es hijo de un dios y una mortal, Percy Jackson espera que el destino le depare continuas aventuras. Y su expectativa se cumplirá con creces. Aunque el nuevo curso en la escuela Meriwether transcurre con inusual normalidad, un simple partido de balón prisionero acaba en batalla campal contra una banda de feroces gigantes. A partir de ahí las cosas se precipitan: el perímetro mágico que protege el campamento mestizo es destruido por in misterioso enemigo y la única seguridad con que contaban los semidioses desaparece. Así, para impedir este daño irreversible, Percy y sus amigos inician la travesía del temible mar de los monstruos en busca de lo único que puede salvar el campamento: el Vellocino de oro. |
| 655 ## - MATERIA - GENERO/FORMA | |
| Género/Forma | Literatura |
| -- | 2917 |
| 942 ## - ADDED ENTRY ELEMENTS (KOHA) | |
| Source of classification or shelving scheme | Dewey Decimal Classification |
| Item type | LITERATURA |
| Estado de retiro | Existencia | Fuente de clasificación | Estado general | No para prestamo | Ubicación permanente | ubicación actual | Sala de ubicación | Fecha de adquisición | Fuente de adquisición | Total Checkouts | Número de clasificación | Código de barras | Date last seen | Número de ejemplar | Price effective from | Koha tipo de elemento (item) | Public note | Coded location qualifier |
|---|---|---|---|---|---|---|---|---|---|---|---|---|---|---|---|---|---|---|
| Dewey Decimal Classification | Biblioteca Medicina | Biblioteca Medicina | Circulación | 23/04/2025 | Donación Abril 2025. Chiara Montenegro | 808 74 RIO | 5011 | 24/04/2025 | Ej.1 | 24/04/2025 | LITERATURA | Donación Abril 2025. Chiara Montenegro. Sede Tordos. |